[Event "Mlada Boleslav Region-ch"]
[Site "Mlada Boleslav"]
[Date "2015.06.20"]
[Round "2"]
[White "Kovarik, Vojtech"]
[Black "Hrdlicka, Jan"]
[Result "1-0"]
[WhiteElo "1304"]
[BlackElo "1187"]
[PlyCount "147"]
[EventDate "2015.06.20"]
[EventType "swiss"]
[EventRounds "7"]
[EventCountry "CZE"]
[SourceTitle "EXT 2017"]
[Source "ChessBase"]
[SourceDate "2016.10.25"]
[SourceVersion "1"]
[SourceVersionDate "2016.10.25"]
[SourceQuality "1"]

1. e4 e5 2. Nf3 Nf6 3. Nc3 Bb4 4. Nd5 Nxd5 5. exd5 d6 6. h3 0-0 7. c3 Bc5 8. Bc4 Bf5 9. d3 h6 10. Be3 Bb6 11. d4 exd4 12. Nxd4 Bxd4 13. Qxd4 Re8 14. 0-0 Nd7 15. Qf4 Bg6 16. Bb3 b5 17. h4 Nf6 18. Rfe1 a5 19. a4 Rb8 20. axb5 Rxb5 21. Ba4 Nxd5 22. Qc4 Nxe3 23. Qxb5 Re5 24. Qc6 Rc5 25. Qf3 Qxh4 26. Rxe3 Rc4 27. b3 Rf4 28. Qg3 Qf6 29. Rf3 Rxf3 30. Qxf3 Qe5 31. Qe3 Qd5 32. c4 Qb7 33. Qe8+ Kh7 34. Re1 f6 35. Qf8 Be4 36. Bd7 h5 37. Qc8 Qxc8 38. Bxc8 Bc2 39. Re3 a4 40. b4 Bb3 41. Ba6 g5 42. c5 Kg6 43. Bd3+ Kf7 44. Bb1 h4 45. cxd6 cxd6 46. b5 Bd5 47. b6 Bc6 48. Bc2 d5 49. Bxa4 Bb7 50. Kf1 f5 51. Rc3 Ke6 52. Rc7 Ba6+ 53. Ke1 Kd6 54. Ra7 Bc8 55. Bb5 Kc5 56. b7 Bxb7 57. Rxb7 d4 58. Bd3 Kc6 59. Rb5 g4 60. Rxf5 Kd6 61. Rf4 g3 62. Rxd4+ Ke6 63. Rxh4 gxf2+ 64. Kxf2 Kf6 65. Rh5 Ke6 66. Rf5 Kd6 67. g4 Ke6 68. g5 Kd6 69. g6 Ke6 70. g7 Kd6 71. g8Q Kc6 72. Qg6+ Kd7 73. Rf7+ Ke8 74. Qg8# 1-0

[Event "Mlada Boleslav Region-ch U20"]
[Site "Mlada Boleslav"]
[Date "2012.06.23"]
[Round "3"]
[White "Kovarik, Vojtech"]
[Black "Kocourkova, Klara"]
[Result "1-0"]
[WhiteElo "1100"]
[BlackElo "1250"]
[PlyCount "83"]
[EventDate "2012.06.23"]
[EventType "swiss"]
[EventRounds "7"]
[EventCountry "CZE"]
[SourceTitle "EXT 2014"]
[Source "ChessBase"]
[SourceDate "2013.11.20"]
[SourceVersion "1"]
[SourceVersionDate "2013.11.20"]
[SourceQuality "1"]

1. e4 d5 2. exd5 Nf6 3. d4 Bg4 4. Be2 Bxe2 5. Nxe2 Qxd5 6. 0-0 e6 7. Nbc3 Qh5 8. Bf4 Bd6 9. Bxd6 cxd6 10. Nb5 Na6 11. Nxd6+ Ke7 12. Nc4 Rac8 13. Ne5 Nb4 14. c3 Nbd5 15. Re1 Qg5 16. Nf3 Qf5 17. Ng3 Qg4 18. h3 Qf4 19. Qd3 Rhd8 20. Re2 Qh6 21. Nf5+ Kf8 22. Nxh6 Nf4 23. Qe3 Nxe2+ 24. Qxe2 gxh6 25. Re1 Nh5 26. Qe5 Ng7 27. Qb5 Rb8 28. Qb4+ Kg8 29. Qe7 a6 30. Qf6 h5 31. Ng5 Rd7 32. Qh6 Nf5 33. Qxh7+ Kf8 34. Nxe6+ fxe6 35. Qxd7 Re8 36. Rxe6 Ne7 37. Qd6 h4 38. Rf6+ Kg7 39. Qf4 Rg8 40. Qg5+ Ng6 41. Qxg6+ Kh8 42. Qh6# 1-0